Datum a čas kvízu
38.5
Celkem bodů
Celkový počet nahraných bodů na tomto kvízu bez doplňovacích otázek.
1.
Pořadí na kvízu
Konečné umístění týmu na tomto kvízu.
Zaznamenané odpovědi
| # | Otázka | Odpověď | Body | Výsledky |
|---|---|---|---|---|
| 1. | Tento týden samozřejmě nesmí c... | Dagmar Hájková | 1 | |
| 2. | Minulý týden se na internetu o... | vysokozdvižný vozík (ještěrku) | 0 | |
| 3. | V noci z neděle na pondělí min... | Adolescent (Adolescence) | 1 | |
| 4. | Společnost China Eastern Airli... | Buenos Aires | 1 | |
| 5. | V neděli začalo mistrovství sv... | ve Rwandě | 1 | |
| 6. | Ve spolupráci s Radou Evropy j... | 1C 2A 3D 4B | 1 | |
| 7. | Pokud vám prozradíme, že červe... | július | 1 | |
| 8. | Jak se na V jmenuje autonomní... | Vojvodina | 1 | |
| 9. | Která z těchto knih nebyla nap... | A | 1 | |
| 10. | Pozoruhodným jazykem je velšti... | křeček | 1 |